000 00577nam a22001817a 4500
999 _c12536
_d12536
008 190130b ||||| |||| 00| 0 eng d
020 _a971-542-291-8
082 _22001
_aDFil 899.211
_bP53
245 _aFlood(Southern Kalinga)
_cDamiana Eugenio [Compiler and Editor]
260 _aQuezon City:
_bUP Press;
_c©2001
300 _aPage 235;
_c22.5 cm.
500 _aPhilippine folk literature: The myths
650 _aMythology
_935366
650 _aLegends
_935367
650 _aPhilippine folk literature (English)
_935368
650 _aFolklore
_935369
942 _2ddc
_cDFIL